01308nam a2200217 4500001000800000007000300008008004100011040000800052041000800060100003000068245004900098300002400147520059400171650001600765650001900781653001700800700004300817700002700860700003400887773016900921ESSALUDta t2024 sp ||||| |||| 00| 0 spa d aBMG aspa aMedina de Alba, L.eautor aProtocolo diagnóstico de las poliglobulias apáginas 1266-1269 aLa poliglobulia o eritrocitosis es el aumento de hemoglobina o masa eritrocitaria. Se considera aumento presentar más de 16,5g/dl de hemoglobina en varones y más de 16g/dl en mujeres. La eritropoyetina producida a nivel renal es la encargada de regular la eritropoyesis. La policitemia vera es la eritrocitosis primaria o independiente de eritropoyetina más destacada; las eritrocitosis secundarias o dependientes de eritropoyetina son debidas a múltiples causas. El diagnóstico etiológico de la poliglobulia es fundamental para el tratamiento y seguimiento de estos pacientes. aPOLICITEMIA aERITROPOYETINA aPOLIGLOBULIA aCarreño Gómez-Tarragona, G.eautor aMas Babío, R.eautor aMartínez López, J.eautor0 015325dBarcelona ElsevieroMED136tMedicine: Programa sistemático de actualización en medicina y protocolos de práctica clínicaw(ESSALUD)ESSALUDx0304-5412